000 00785nam a22002177a 4500
003 SEM
005 20250911144943.0
008 250911s1972 ai ||||gr||||||01|0|arm|d
040 _aSEM
_cSEM
041 _aarm
_hrus
080 _a882-3/Գ-72
100 _aԳոգոլ, Նիկոլայ
_d(1809-1852)
245 _aՏարաս Բուլբա /
_cՆ. Գոգոլ ; Թարգմ.՝ Ա. Բակունց ; Խմբ.՝ Է. Բ. Թոռունյան
260 _aԵրևան ։
_b«Հայաստան» հրատ․,
_c1972․
300 _a137 էջ ;
_bնկ․,
_c21 սմ
650 _a Ռուս գրականություն
_xվեպ
653 _aՍԷՄ
700 _aԲակունց, Ակսել
_eթարգմ.
_d1899-1937
_4trl.
700 _aԹոռունյան, Է. Բ.
_eխմբ.
_4edt.
942 _2udc
_cBK
_n0
999 _c76951
_d76951